Az adott cég raktározási feladatainak megszervezése

Bibliographic Details
Main Author: Sultis Renáta
Other Authors: Bartha Dr. Andrea
Format: Project work
Kulcsszavak:Kereskedelem
Logisztika
Raktározás
Logisztikai folyamatok
Logisztikai tervezés
Online Access:http://dolgozattar.uni-bge.hu/3191

MARC

LEADER 00000nnm a2200000 i 4500
001 dolg3191
005 20260101060015.0
008 150522suuuu hu o 000 hun d
040 |a BGE Dolgozattár Repozitórium  |b hun 
041 |a hu 
100 1 |a Sultis Renáta 
245 1 3 |a Az adott cég raktározási feladatainak megszervezése  |c Sultis Renáta  |h [elektronikus dokumentum] 
246 1 1 |a Az adott cég raktározási feladatainak megszervezése 
516 |a Project_work 
695 |a Kereskedelem 
695 |a Logisztika 
695 |a Raktározás 
695 |a Logisztikai folyamatok 
695 |a Logisztikai tervezés 
700 1 |a Bartha Dr. Andrea  |e ths 
856 4 0 |u http://dolgozattar.uni-bge.hu/3191/1/Projektmunka%20v%C3%A9gleges%20r.pdf  |z Dokumentum-elérés